Statistiche per Quiz sulla città di Prato

Clicka qui per fare il quiz!

Statistiche generali

  • Questo quiz è stato fatto 69 volte
  • Il punteggio medio è 8 su 20

Statistiche sulle risposte

DescrizioneRisposta% Corretto
Regione nella quale si trova PratoToscana
100%
Prato è la seconda città piu popolata di questa regione dopo ____Firenze
96%
Con una popolazione di 24'000, Prato ha la più grande communità ____ d'ItaliaCinese
76%
Civiltà antica che ha lasciato un impatto culturale significativo sulla cittàEtruschi
70%
Attore pratese e regista di "La vita è bella"Roberto Benigni
65%
Biscotti alle mandorle, specialità di PratoCantucci
52%
Settore industriale che fu il più importante a livello economicoIndustria tessile
52%
Fiume che attraversa PratoBisenzio
37%
Ex-calciatore nato a Prato nel 1956Paolo Rossi
33%
Castello costruito da Federico II di SveviaCastello dell'{Imperatore}
26%
Il famoso puplito del Duomo di Prato è stato costruito da quei due scultori del RinascimentoDonatello
26%
Santo patronoSanto Stefano
24%
Piazza principale di PratoPiazza del {Duomo}
22%
Reliquia della Madonna conservata a PratoSacra {Cintola}
20%
Teatro più importante di PratoTeatro {Metastasio}
20%
Speculatore sopranomato il "Mercante di Prato"Francesco Datini
19%
Antica città di questa civiltà scoperta nel 1997Gonfienti
6%
Il famoso puplito del Duomo di Prato è stato costruito da quei due scultori del RinascimentoMichelozzo
4%
Pittore dominicano nato a Prato nel 1472Fra {Bartolomeo}
2%
Prato è situata al piede di questa montagnaMonte {Retaia}
2%

Distribuzione punteggi

Percentile per numero di risposta

Percentuale di utenti per punteggio

I tuoi punteggi nel tempo

Non hai fatto questo quiz